Postscript by example
Αποθηκεύτηκε σε:
| Κύριος συγγραφέας: | |
|---|---|
| Άλλοι συγγραφείς: | |
| Μορφή: | Βιβλίο |
| Γλώσσα: | English |
| Δημοσίευση: |
Reading, Mass. :
Addison-Wesley Pub. Co.,
c1992
|
| Θέματα: | |
| Ετικέτες: |
Προσθήκη ετικέτας
Δεν υπάρχουν, Καταχωρήστε ετικέτα πρώτοι!
|
MARC
| LEADER | 00000nam a2200000 i 4500 | ||
|---|---|---|---|
| 001 | 1/91199 | ||
| 008 | 991101s1992 eng d | ||
| 020 | |a 0201632284 | ||
| 035 | |l 10053476 | ||
| 040 | |a GR-MY-UA |b gre |e aacr | ||
| 041 | 0 | |a eng | |
| 082 | 0 | |a 006.66 | |
| 100 | 1 | |a McGilton, Henry. | |
| 245 | 1 | 0 | |a Postscript by example / |c Henry McGilton, Mary Campione |
| 260 | |a Reading, Mass. : |b Addison-Wesley Pub. Co., |c c1992 | ||
| 300 | |a xviii, 620 p.; |b ill.; |c 25 cm. | ||
| 500 | |a Includes bibliographical references and index | ||
| 650 | 0 | 0 | |a PostScript (Computer program language) |
| 700 | 1 | |a Campione, Mary. | |
| 852 | |a INST |b SAMOS |e 19991101 |h 006.66 MCG |p 005300016862 |q 005300016862 |t BK |y 0 | ||
| 901 | |a BIBL3-1999-3 | ||
| 909 | |a Σ |b 068412 | ||
| 922 | |a 3ΕΛΗ |b 199909 |c ΤΠΕΣ |d ΠΑΠΑΣΩΤΗΡΙΟΥ | ||
| 970 | |a ΠΟΥΡΝΑΡΑΣ |b ΔΗΜΗΤΡΗΣ |z 1999/11/01 | ||